kku e-library facility

Fundamentals of Electrical Engineering and Electronics in SI System of Units (Record no. 220)

MARC details
000 -LEADER
fixed length control field 00433nam a2200133 4500
005 - DATE AND TIME OF LATEST TRANSACTION
control field 20260414100327.0
008 - FIXED-LENGTH DATA ELEMENTS--GENERAL INFORMATION
fixed length control field 260414b |||||||| |||| 00| 0 eng d
020 ## - INTERNATIONAL STANDARD BOOK NUMBER
International Standard Book Number 81-219-2660-2
100 ## - MAIN ENTRY--PERSONAL NAME
Personal name Theraja B.L
245 ## - TITLE STATEMENT
Title Fundamentals of Electrical Engineering and Electronics in SI System of Units
Statement of responsibility, etc. /B.L Theraja
260 ## - PUBLICATION, DISTRIBUTION, ETC.
Place of publication, distribution, etc. Ram Nagar, New Delhi;
Name of publisher, distributor, etc. S. Chand & Company PVT LTD;
Date of publication, distribution, etc. 2014
300 ## - PHYSICAL DESCRIPTION
Extent xx,841p.ill;
Dimensions 24cm
942 ## - ADDED ENTRY ELEMENTS (KOHA)
Source of classification or shelving scheme Library of Congress Classification
Suppress in OPAC No
Koha item type Books

No items available.

©2025 All rights reserved. KKU